000 00357nam a2200145 i 4500
001 bg
100 1 _aSTRZYŻEWSKI, J.
245 0 _aElektryczność w twoim domu /
_cJ. Strzyżewski, H. Rottermund.
260 _aWarszawa,
_c1985.
700 1 _aROTTERMUND, H.
040 _cBPK
041 _apol
942 _cKS
008 s pl f |000 0 pol
999 _c1248
_d1248
856 _uhttp://koha.tu.koszalin.pl/cgi-bin/koha/opac-detail.pl?biblionumber=1248
_yKatalog online BPK